000 00680nam a2200217 i 4500
001 142878
003 ES-MaACL
005 20250925063046.0
007 t|
008 071010s1950 sp ||||1| spa d
100 1 _aVicens Vives, Jaime,
_d1910-1960
_9114319
245 1 0 _aTratado general de geopolítica /
_cJaime Vicens Vives.
260 _aBarcelona :
_bUniversidad,
_c[1950]
300 _a230 p. ;
_c20 cm.
490 1 _aHilani ;
_v2
500 _aPrecede al tít.: Centro de Estudios Históricos Internacionales.
650 4 _aGeopolítica.
_9138497
830 0 _aHilani ;
_v2
_9230524
852 _aES-MaACL
_jD-6149
_bR.29974
999 _c142878
_d142878